00617 2200205 4500001002100000005001500021035002000036007000300056008004100059082001700100084002300117100002400140245007000164260007600234300004200310650000900352600001300361600002800374600000900402INLIS00000000000152420250929025010 a0010-0925000038ta250929 g 0 ind  a631.52-633.1 a631.52-633.1 RAM p0 aRambe Sri Suryani M1 aPenerapan Budidaya Tanaman Padi Terstandar /cRambe Sri Suryani M aBengkulu :bBalai Penerapan Standar Instrumen Pertanian Bengkulu,c2023 aiv, 24 hlm, :bilus, ;c15 cm x 21 cm 4aBuku 4aBudidaya 4aTanaman Padi Terstandar 4aPadi